| 000 | 01036cam a22003132cc4500 | ||
|---|---|---|---|
| 001 | 1506398375 | ||
| 003 | DE-627 | ||
| 005 | 20260205103328.0 | ||
| 007 | tu | ||
| 008 | 150720s1988 xx ||||| 00| ||ger c | ||
| 020 | _a3454239249 | ||
| 035 | _a(DE-627)1506398375 | ||
| 035 | _a(DE-576)436398370 | ||
| 035 | _a(DE-599)BSZ436398370 | ||
| 040 |
_aDE-627 _bger _cDE-627 _erakwb |
||
| 041 | _ager | ||
| 084 |
_aNB 9310 _2rvk |
||
| 245 | 0 | 0 |
_aEntdecken und Verstehen _n[Allgemeine Ausg.], Bd. 2, [Hauptbd.] _pVon den Entdeckungen bis zum Ersten Weltkrieg |
| 250 | _a1. Aufl. | ||
| 300 |
_a288 S. _bIll. |
||
| 700 | 1 |
_aBerger- von der Heide, Thomas _d19XX- _4oth |
|
| 700 | 1 |
_aSchneider, Hagen _eHrsg. _4edt |
|
| 773 | 1 | 8 |
_w(DE-627)1505595649 _w(DE-576)435595644 _g[Allgemeine Ausg.], Bd. 2, [Hauptbd.] _7nnam |
| 780 | 0 | 0 |
_iFrüher u.d.T. _a[Ausg.] für Hauptschulen in Hessen und NRW |
| 856 | 4 | 2 |
_uhttp://d-nb.info/890686890/04 _mB:DE-101 _qapplication/pdf _3Inhaltsverzeichnis |
| 936 | r | v | _aNB 9310 |
| 942 |
_2z _cB |
||
| 951 | _aMV | ||
| 999 |
_c374232 _d374232 |
||